|
|
|
|
| LEADER |
00000nam0a2200000 4500 |
| 001 |
303399 |
| 005 |
20231102001611.0 |
| 010 |
|
|
|a 9785883373144
|
| 035 |
|
|
|a (RuTPU)RU\TPU\book\328622
|
| 090 |
|
|
|a 303399
|
| 100 |
|
|
|a 20150902d2013 m y0rusy50 ca
|
| 101 |
0 |
|
|a rus
|
| 102 |
|
|
|a RU
|
| 105 |
|
|
|a y j 000zy
|
| 200 |
1 |
|
|a От диктанта - к изложению. А1-В1
|e учебное пособие по русскому языку для иностранных учащихся
|f Н. Ю. Царёва, М. Б. Будильцева, И. А. Пугачёв
|
| 210 |
|
|
|a Москва
|c Русский язык. Курсы
|d 2013
|
| 215 |
|
|
|a 288 с.
|e CD-ROM
|
| 330 |
|
|
|a Представлен цикл заданий для обучения письменной речи на элементарном, базовом и I сертификационном уровнях изучения РКИ. Текстовый материал пособия предназначен для разных видов письменной работы: словарные и грамматические диктанты, свободные и выборочные изложения, построение письменного текста по опорам, составление конспектов и др.С помощью специальных заданий проводится семантизация лексики без словаря; активная работа со словарём, построение словосочетания и предложения; анализ текста (структурный и смысловой); поиск, восстановление, интерпретация и комбинирование информационного материала; продуцирование текста по опорным фразам.Пособие рассчитано как на самостоятельную, так и на аудиторную работу учащихся.
|
| 606 |
1 |
|
|a Русский язык
|x Для других народов
|x Учебные руководства и пособия
|2 stltpush
|3 (RuTPU)RU\TPU\subj\26400
|9 50340
|
| 610 |
1 |
|
|a русский язык для иностранцев
|
| 610 |
1 |
|
|a русский язык как иностранный
|
| 610 |
1 |
|
|a лексика
|
| 610 |
1 |
|
|a письменная речь
|
| 610 |
1 |
|
|a изложения
|
| 686 |
|
|
|a Ш141.2-96
|v LBC/SL-A
|2 rubbk
|
| 700 |
|
1 |
|a Царёва
|b Н. Ю.
|g Наталья Юрьевна
|
| 701 |
|
1 |
|a Будильцева
|b М. Б.
|g Марина Борисовна
|
| 701 |
|
1 |
|a Пугачёв
|b И. А.
|g Иван Александрович
|
| 801 |
|
1 |
|a RU
|b 63413507
|c 20150902
|
| 801 |
|
2 |
|a RU
|b 63413507
|c 20170626
|g RCR
|
| 900 |
|
|
|a Русский язык как иностранный
|
| 942 |
|
|
|c BK
|
| 951 |
|
|
|l 8
|
| 959 |
|
|
|a 107/20150901
|d 10
|e 0
|f ЧЗИЛ:1
|